| 000 | 01167cam a22003377a 4500 | ||
|---|---|---|---|
| 003 | CHAP | ||
| 005 | 20220329133306.0 | ||
| 008 | 971013s1990 it r 10010 spa d | ||
| 010 | _a4423 | ||
| 011 | _a5395 | ||
| 020 | _a9253029943 | ||
| 035 | _a4602 | ||
| 040 | _cCHAP | ||
| 082 | 0 | 4 |
_a630.63 _bC6Y 1990 |
| 111 | 0 | 0 |
_aConferencia Regional de la FAO para América Latina y el Caribe ( _n21 _d: 1990 _c: Santiago de Chile) _926585 |
| 245 | 1 | 0 | _aInforme de la conferencia regional de la FAO para America Latina y el Caribe |
| 260 |
_aRoma : _bFAO, _c1990 |
||
| 300 | _axii, 52 p. | ||
| 500 | _aLARC/90/REP | ||
| 590 |
_aBATCH-UPD _b10 _c20130110 _lUCH01 _h1009 |
||
| 590 |
_aBATCH-UPD _b10 _c20130410 _lUCH01 _h0618 |
||
| 590 |
_aBATCH-UPD _b10 _c20130913 _lUCH01 _h2030 |
||
| 590 |
_aCONVERSION _b10 _c20130109 _lUCH01 _h1304 |
||
| 650 | 1 | 4 |
_aAgricultura _xCongresos. _91373 |
| 650 | 1 | 4 |
_aAgricultura _xEl Caribe. _91412 |
| 650 | 1 | 4 |
_aAgricultura _zAmérica Latina. _91911 |
| 901 | _aBK | ||
| 942 | _cLIBRO | ||
| 949 |
_a630.63 C6Y 1990 _bBC _cFAO _d-14149 _eFAO1 _h80282 _i4602 _si |
||
| 949 |
_a630.63 C6Y 1990 _bBC _cFAO _d33724002099173 _eFAO2 _fc.2 _gDonaciØn _h116548 _i4602 _sb |
||
| 999 |
_c4423 _d4423 |
||